Регионална библиотека "Любен Каравелов" - Русе

[Шестдесет] 60 години Дунав мост Русе - Гюргево (Запис номер 170055)

MARC детайли
000 -Лидер
Контролно поле с фиксирана дължина 01969nam a2200421 c 4500
003 - Код на организацията, давaща контролен номер
Контролно поле BLK
005 - Дата и час на последна редакция
Контролно поле 20240618085131.0
008 - Елементи от данни с фиксирана дължина
fixed length control field 180411b bul|||||r ||||||| ||bul||
010 ## - Наследен системен номер
LC control number KNG00178149000
040 ## - Източник на каталожния запис
Идентификатор на билиотеката - собственик на записа BLK
041 ## - Код за език
Код за езика на текст/звукозапис или на отделно заглавие Български
Код за езика КДБФ Български
072 #7 - Код за тематичната категория
Код организация bullib
Код за тематична категория Н62
Текст Приложни науки. Техника Н
072 #7 - Код за тематичната категория
Код организация bullib
Код за тематична категория К
Текст Краезнание
080 ## - УДК
Текстов определител УДК Мостове в цялост. Конструктивни елементи на мостовете - Греди, дъги, ферми (ставни прътови конструкции) и др.
УДК код - определител по УДК 624.21
УДК определител (282.243.7)(091)
УДК - код + определител 624.21(282.243.7)(091)
139 ## - Редно поле
Редна дума [Шестдесет] 60 години Дунав мост Русе - Гюргево
Авторски знак Шес - Ш 58
245 10 - Сведения за заглавието
Заглавие [Шестдесет] 60 години Дунав мост Русе - Гюргево
Подзаглавни данни Юбил. изд.
Редно поле (дума) състав. Иван Николов Гогев.
257 ## - Страна на издаване
Страна на създаване/издаване България
260 ## - Област на издателските данни
-- София ; Русе
Име на издателя, разпространителя и проч. Vip style
Година на издаване 2014
Печатница Русе : Дунав прес
300 ## - Физическа характеристика
Страници 106 с.
Илюстрации и др. с портр., к., ил.
Размери/Мащаб 22 см
380 ## - Жанр
Жанр Техника
500 ## - Общи забележки
Забележка Кор. опис. - Изд. на ДП Нац. компания Железопътна инфраструктура. Нац. сдружение Общество на инженерите по железен път. - Библиогр. с. 104.
650 #4 - Допълнително описание по предмет – тема
Основно описание – тема или топоним Мостове - Дунав - история
9 (RLIN) 334544
651 #4 - Допълнително описание по предмет - топоним
Географско понятие Русе
9 (RLIN) 179462
651 #4 - Допълнително описание по предмет - топоним
Географско понятие България
9 (RLIN) 241624
653 ## - Ключова дума – ненормативна
Ключова дума Дунав мост
653 ## - Ключова дума – ненормативна
Ключова дума мостове
653 ## - Ключова дума – ненормативна
Ключова дума история
653 ## - Ключова дума – ненормативна
Ключова дума юбилеи
659 ## - Тематичен бюлетин
Тематичен бюлетин К
659 ## - Тематичен бюлетин
Тематичен бюлетин Н
700 1# - Други автори (авторска отговорност)
Лично име Гогев, Иван Николов
Автороска отговорност (Описва отношението между автора и произведението) състав.
9 (RLIN) 338422
852 ## - Местоположение
Форматна сигнатура Цб 275376
856 4# - Електронен адрес и достъп
Електронен формат pdf - файл
Път до файла /url/
856 4# - Електронен адрес и достъп
Електронен формат pdf - файл
Път до файла /url/
942 ## - АРТИКУЛИ
Вид на библиотечния материал Книги
Скрит в OPAC Не
Koha issues (borrowed), all copies 3
944 ## - СЪЗДАВАНЕ И РЕДАКЦИЯ на ЗАПИСА
Създаване/Редакция Създаване
Дата на регистрацията/редакция 14.07.2015
Статус, дата на статуса Валя Йорданова
Служител, извършил регистрацията/редакцията 30558
944 ## - СЪЗДАВАНЕ И РЕДАКЦИЯ на ЗАПИСА
Създаване/Редакция Редакция
Дата на регистрацията/редакция 24.11.2015
Статус, дата на статуса ф /
Служител, извършил регистрацията/редакцията Людмила_Стоянова
999 ## - СИСТЕМНИ КОНТРОЛНИ НОМЕРА
Koha biblionumber 170055
Koha biblioitemnumber 170055
Наличности
Код за отписване Код за изгубен артикул Код за повреда Коз за рестрикции Код за отдаване Артикулен № Име на библиотеката - собственик Име на библиотеката, в която се намира в момента Статус (Текущо местоположение) Дата на вписване в системата Местоположение - отдел Цена в лева Инвентарен номер Систематично азбучна сигнатура Баркод Номер на екземпляра Цена в евро Служебна бележка Служебен тип на артикула
  Не е изгубен Не е повреден без рестрикции ползва се в читалня 287824 Регионална библиотека "Любен Каравелов" Русе Регионална библиотека "Любен Каравелов" Русе Хранилище 2015-07-10 Основен фонд - ползва се само за читалня 16.00 120000789976 Цб 275376 120000789976 1 8.18 Дост: DA Вид: А N: 11 Дата: 10.07.2015 Книги
  Не е изгубен Не е повреден без рестрикции ползва се в читалня 287825 Регионална библиотека "Любен Каравелов" Русе Регионална библиотека "Любен Каравелов" Русе Краезнание 2015-07-10 Краезнание 16.00 120000789977 К 62/Ш 58 120000789977 2 8.18 Дост: DA Вид: А N: 11 Дата: 10.07.2015 Дата инв: 10.11.2017 Бележки инв: К2017 Книги
Vip Innovations Ltd, Rousse, Bulgaria 2025